Análisis de las propuestas de revalúo impositivo y contable (Registro nro. 12328)

Detalles MARC
000 -LEADER
fixed length control field 00336 a2200109 4500
001 - CONTROL NUMBER
control field ART_44794
005 - DATE AND TIME OF LATEST TRANSACTION
control field 20260410161629.0
008 - FIXED-LENGTH DATA ELEMENTS--GENERAL INFORMATION
fixed length control field 260409a
100 1# - MAIN ENTRY--PERSONAL NAME
Personal name D´Onofrio, Paula Alejandra
245 10 - TITLE STATEMENT
Title Análisis de las propuestas de revalúo impositivo y contable
773 0# - HOST ITEM ENTRY
Title Enfoques
Related parts - Nº 12 (dic. 2017)
Record control number REV416

No hay ítems disponibles.